MARC

LEADER 00000nam0a2200000 4500
001 241609
005 20231101231828.0
020 |a RU  |b 90-36932 
035 |a (RuTPU)RU\TPU\book\262885 
090 |a 241609 
100 |a 20130807d1989 k a0rusy5003 ca 
101 0 |a rus 
102 |a RU 
105 |a a z 001zy 
200 1 |a Оптические вычислители  |e сборник научных трудов  |f Академия наук СССР (АН СССР), Физико-технический институт им. А. Ф. Иоффе (ФТИ) ; под ред. Ю. В. Гуляева 
210 |a Ленинград  |c ФТИ  |d 1989 
215 |a 186 с.  |c ил.  |d 20 см 
320 |a Библиогр. в конце ст. 
606 1 |a Информация  |x Обработка на вычислительных машинах  |2 stltpush  |3 (RuTPU)RU\TPU\subj\12980  |9 39671 
610 1 |a оптические методы 
610 1 |a изображения 
610 1 |a сигналы 
610 1 |a обработка 
610 1 |a голографическая память 
610 1 |a пространственно-временные модели 
610 1 |a регистрирующие среды 
675 |a 681.3.01:535  |z rus 
702 1 |a Гуляев  |b Ю. В.  |4 340 
712 0 2 |a Академия наук СССР (АН СССР)  |b Физико-технический институт им. А. Ф. Иоффе (ФТИ)  |c (Ленинград)  |2 stltpush  |3 (RuTPU)RU\TPU\col\12056 
801 0 |a RU  |b RuMRKP  |c 19960705  |g psbo 
801 1 |a RU  |b 63413507  |c 20130807 
801 2 |a RU  |b 63413507  |c 20131108  |g RCR 
942 |c BK